Largest Cities By Climate Type in Iran - Statistics

General Stats
  • This quiz has been taken 14 times
  • The average score is 4 of 7
Answer Stats
Hint Answer % Correct
BSk (Cold semi-arid) Tehran
100%
BWk (Cold desert) Isfahan
92%
BSh (Hot semi-arid) Shiraz
85%
BWh (Hot desert) Qom
77%
Csa (Hot-summer mediterranean) Kermanshah
31%
Cfa (Humid subtropical) Rasht
23%
Dsa (Hot-summer, dry-summer continental) Hamadan
15%
No matching quizzes found
Score Distribution
Percent of People with Each Score
Percentile by Number Answered
Your Score History
You have not taken this quiz